[Event "106149 XI. Rakosmente Open"]
[Site "Budapest, Hungary"]
[Date "2015.01.09"]
[Round "1.1"]
[White "Gubics, Peter"]
[Black "Posztos, Marcell"]
[Result "1-0"]
[WhiteElo "2120"]
[BlackElo "1499"]
[PlyCount "47"]
[EventDate "2015.??.??"]

1. Nf3 d5 2. c4 e6 3. g3 Nf6 4. Bg2 g6 5. O-O Bg7 6. d4 O-O 7. Nc3 b6 8. cxd5
exd5 9. Bf4 c6 10. Rc1 Bd7 11. Ne5 Nh5 12. Be3 Bxe5 13. dxe5 Na6 14. Qd2 Rc8
15. Rfd1 Nc7 16. Bh6 Re8 17. Bg5 f6 18. exf6 Nxf6 19. e4 Ne6 20. Bh4 d4 21. Ne2
Nc5 22. Qxd4 Nfxe4 23. Bxe4 Rxe4 24. Qxe4 1-0

[Event "106149 XI. Rakosmente Open"]
[Site "Budapest, Hungary"]
[Date "2015.01.09"]
[Round "1.2"]
[White "Szabo, Mihaly"]
[Black "Berta, Sandor"]
[Result "0-1"]
[WhiteElo "1486"]
[BlackElo "2061"]
[PlyCount "58"]
[EventDate "2015.??.??"]

1. Nf3 Nf6 2. d4 g6 3. e3 Bg7 4. c4 O-O 5. Nc3 d6 6. g3 Nbd7 7. Bg2 c6 8. O-O
e5 9. dxe5 dxe5 10. Nd2 Qe7 11. b3 Rd8 12. Bb2 Nf8 13. Qc1 Ne6 14. Nde4 Nxe4
15. Bxe4 Ng5 16. Bg2 f5 17. h4 Nf7 18. f4 Nh6 19. Bf3 Ng4 20. Bxg4 fxg4 21. Re1
Rd3 22. Rd1 Bf5 23. Rxd3 Bxd3 24. Qe1 Re8 25. Rd1 Bf5 26. Qf2 exf4 27. exf4 Qe3
28. Qxe3 Rxe3 29. Kf2 Rf3+ 0-1

[Event "106149 XI. Rakosmente Open"]
[Site "Budapest, Hungary"]
[Date "2015.01.09"]
[Round "1.3"]
[White "Szoukup, Helga"]
[Black "Palczert, Botond"]
[Result "0-1"]
[WhiteElo "1898"]
[BlackElo "1473"]
[PlyCount "68"]
[EventDate "2015.??.??"]

1. g3 Nf6 2. Nf3 d5 3. d4 g6 4. Bg2 Bg7 5. O-O O-O 6. Re1 Bf5 7. Nbd2 c6 8. c4
Nbd7 9. b3 Qc7 10. Nh4 e6 11. Nxf5 exf5 12. Bb2 Rac8 13. Rc1 Qb8 14. Nf3 f4 15.
cxd5 cxd5 16. Ne5 fxg3 17. hxg3 Qd6 18. Qd3 Rfe8 19. Qb5 Qb6 20. Qd3 Qd6 21.
Bh3 Bh6 22. Rxc8 Rxc8 23. Qf3 Rf8 24. Qh1 Nb6 25. Bg2 Bg7 26. Bc3 Qa3 27. Nd3
Rc8 28. Nc5 Qxa2 29. Ra1 Qxe2 30. Bh3 Re8 31. Rxa7 Ne4 32. Nxe4 Rxe4 33. Rxb7
Bxd4 34. Bf1 Qxf2# 0-1

[Event "106149 XI. Rakosmente Open"]
[Site "Budapest, Hungary"]
[Date "2015.01.09"]
[Round "1.4"]
[White "Halasz, Daniel"]
[Black "Palczert, Miklos Dr"]
[Result "1-0"]
[WhiteElo "1466"]
[BlackElo "1766"]
[PlyCount "39"]
[EventDate "2015.??.??"]

1. e4 e5 2. Nc3 Nf6 3. f4 d5 4. fxe5 Nxe4 5. d3 Nxc3 6. bxc3 c5 7. g3 Nc6 8. d4
Qa5 9. Bd2 Qa4 10. Bg2 Be6 11. Nf3 cxd4 12. O-O Bc5 13. Kh1 dxc3 14. Bxc3 O-O
15. Ng5 Rad8 16. Rf4 d4 17. Nxh7 Bd5 18. Nf6+ gxf6 19. Qg4+ Kh7 20. Qh5+ 1-0

[Event "106149 XI. Rakosmente Open"]
[Site "Budapest, Hungary"]
[Date "2015.01.09"]
[Round "1.5"]
[White "Csomor, Gabor"]
[Black "Horvath, Zoltan"]
[Result "1-0"]
[WhiteElo "1762"]
[BlackElo "1406"]
[PlyCount "131"]
[EventDate "2015.??.??"]

1. c4 Nf6 2. Nc3 c5 3. Nf3 Nc6 4. g3 g6 5. Bg2 Bg7 6. O-O O-O 7. d3 d6 8. Bg5
h6 9. Bxf6 Bxf6 10. Qd2 Bg7 11. e4 e5 12. a3 Nd4 13. Nxd4 cxd4 14. Nd5 Bd7 15.
Qb4 Bc6 16. h4 h5 17. Bh3 a5 18. Qd2 b5 19. b3 Bxd5 20. cxd5 Kh7 21. Ra2 Bh6
22. Qe2 Ra7 23. Rc2 Rc7 24. Rc6 b4 25. a4 Rxc6 26. dxc6 Qc7 27. Bd7 Rd8 28. g4
Rxd7 29. cxd7 Qxd7 30. g5 Bg7 31. Rc1 f5 32. f3 f4 33. Kg2 Bf8 34. Qc2 Qe6 35.
Qc7+ Kg8 36. Qc4 Kf7 37. Qc7+ Be7 38. Rc4 Ke8 39. Qxa5 Qd7 40. Qxb4 d5 41. Qb8+
Kf7 42. exd5 Qxd5 43. Qb5 Qd6 44. b4 e4 45. dxe4 d3 46. Qd5+ Qxd5 47. exd5 d2
48. Rd4 Bxb4 49. Kf1 Ke7 50. Ke2 Ba5 51. Rxf4 Bc7 52. Rf6 Ba5 53. Rxg6 Bc3 54.
Rh6 Kf7 55. Rxh5 Kg6 56. Rh6+ Kf5 57. d6 Ba5 58. d7 Bd8 59. Kxd2 Ba5+ 60. Kc2
Ke5 61. Rh8 Bd8 62. Rxd8 Kd6 63. g6 Kc7 64. g7 Kxd8 65. g8=Q+ Kxd7 66. Qg6 1-0

[Event "106149 XI. Rakosmente Open"]
[Site "Budapest, Hungary"]
[Date "2015.01.09"]
[Round "1.6"]
[White "Novak, Levente Peter"]
[Black "Szoukup, Istvan"]
[Result "0-1"]
[WhiteElo "1396"]
[BlackElo "1704"]
[PlyCount "94"]
[EventDate "2015.??.??"]

1. e4 e5 2. Nf3 Nc6 3. Bb5 Nf6 4. O-O Nxe4 5. d4 Nd6 6. Bxc6 dxc6 7. dxe5 Nf5
8. Qxd8+ Kxd8 9. Bg5+ Be7 10. Rd1+ Ke8 11. Bxe7 Kxe7 12. Nc3 Be6 13. Ng5 Rad8
14. Nxe6 Kxe6 15. Re1 Rd2 16. Rac1 Nd4 17. Ne4 Rxc2 18. Rxc2 Nxc2 19. Re2 Nd4
20. Re1 b6 21. f4 h6 22. Kf2 Rd8 23. g4 c5 24. f5+ Ke7 25. f6+ Kf8 26. fxg7+
Kxg7 27. h4 Re8 28. Nf6 Re6 29. Nh5+ Kf8 30. Nf6 Nc6 31. Nd5 Nxe5 32. Kg3 c6
33. Nf4 Re8 34. Rd1 Ng6 35. Rd6 Nxf4 36. Kxf4 Re6 37. Rd7 a5 38. g5 hxg5+ 39.
Kxg5 c4 40. Rd2 b5 41. h5 Kg7 42. Rc2 Re5+ 43. Kg4 Kh6 44. Rf2 Rg5+ 45. Kh4
Rxh5+ 46. Kg4 Rg5+ 47. Kh3 f5 0-1

[Event "106149 XI. Rakosmente Open"]
[Site "Budapest, Hungary"]
[Date "2015.01.09"]
[Round "1.7"]
[White "Csiki, Endre"]
[Black "Geher, Koppany"]
[Result "1-0"]
[WhiteElo "1658"]
[BlackElo "1395"]
[PlyCount "119"]
[EventDate "2015.??.??"]

1. e4 e6 2. d4 d5 3. Nc3 Nf6 4. e5 Nfd7 5. f4 c5 6. Nf3 Nc6 7. Be3 Be7 8. Qd2
c4 9. Be2 O-O 10. O-O f5 11. Kh1 g6 12. Qe1 a6 13. Nd1 Nb4 14. Qd2 b5 15. c3
Nc6 16. Ne1 b4 17. Bf3 Qa5 18. Nc2 Qb5 19. a4 Qb6 20. Bf2 Na5 21. Rb1 Nb3 22.
Qe2 bxc3 23. Nxc3 Bb4 24. Nxb4 Qxb4 25. Nxd5 Qd2 26. Ne7+ Kf7 27. Qxd2 Nxd2 28.
Bxa8 Nxf1 29. Rxf1 Kxe7 30. Be1 Re8 31. Bc6 Rg8 32. Ba5 Nf8 33. Rc1 Bd7 34.
Rxc4 Bxc6 35. Rxc6 Nd7 36. Bb4+ Kf7 37. Rxa6 Rc8 38. h3 Rc2 39. Bc3 Rc1+ 40.
Kh2 Rf1 41. Ra7 Ke8 42. Kg3 Nb6 43. Ra6 Nd5 44. Rxe6+ Kf7 45. Ra6 Rd1 46. Ra7+
Ke6 47. Rxh7 Rd3+ 48. Kf2 Nxf4 49. a5 Nd5 50. a6 Rd1 51. Rh8 Ra1 52. Rh6 Ne7
53. Bb4 Rxa6 54. Bxe7 Kxe7 55. d5 Ra2 56. Rxg6 Rxb2+ 57. Ke3 Rb4 58. d6+ Kd8
59. e6 Re4+ 60. Kf3 1-0

[Event "106149 XI. Rakosmente Open"]
[Site "Budapest, Hungary"]
[Date "2015.01.09"]
[Round "1.8"]
[White "Bertalan, Sandor"]
[Black "Csermely, Zoltan"]
[Result "0-1"]
[WhiteElo "1308"]
[BlackElo "1652"]
[PlyCount "63"]
[EventDate "2015.??.??"]

1. e4 d5 2. e5 c5 3. c3 Qa5 4. f4 Nc6 5. Nf3 h5 6. d3 d4 7. Bd2 Qd8 8. Be2 Nh6
9. Ng5 Ng4 10. Qb3 e6 11. O-O dxc3 12. Nxc3 Qd4+ 13. Kh1 Nf2+ 14. Rxf2 Qxf2 15.
Rf1 Qd4 16. f5 c4 17. Nce4 cxb3 18. Bc3 exf5 19. axb3 Qxc3 20. bxc3 Nxe5 21. d4
Ng4 22. Bb5+ Bd7 23. Rxf5 Bxb5 24. Rxf7 O-O-O 25. h3 Nf6 26. Nxf6 gxf6 27. Ne6
Bd6 28. c4 Rde8 29. d5 Bd7 30. Rxf6 Bxe6 31. Rxe6 Rxe6 32. dxe6 0-1

[Event "106149 XI. Rakosmente Open"]
[Site "Budapest, Hungary"]
[Date "2015.01.10"]
[Round "2.1"]
[White "Csermely, Zoltan"]
[Black "Gubics, Peter"]
[Result "0-1"]
[WhiteElo "1652"]
[BlackElo "2120"]
[PlyCount "68"]
[EventDate "2015.??.??"]

1. e3 Nf6 2. b3 g6 3. Bb2 Bg7 4. g4 h6 5. h4 d5 6. f3 Qd6 7. Be2 Nxg4 8. fxg4
Bxb2 9. Nc3 Bxa1 10. Qxa1 e5 11. Nb5 Qe7 12. c4 c6 13. Nc3 d4 14. Nd1 c5 15.
Nf2 Nc6 16. Bf3 Bd7 17. a3 O-O-O 18. e4 d3 19. Nxd3 Nd4 20. Qd1 f5 21. gxf5
gxf5 22. Nf2 Rhf8 23. Bh5 Kb8 24. d3 Qf6 25. exf5 Qxf5 26. Ngh3 Bc6 27. Bg4 Qf6
28. Ne4 Bxe4 29. dxe4 Qxh4+ 30. Kd2 Nxb3+ 31. Kc3 Rxd1 32. Bxd1 Qg3+ 33. Kb2
Qg2+ 34. Kxb3 Qxh1 0-1

[Event "106149 XI. Rakosmente Open"]
[Site "Budapest, Hungary"]
[Date "2015.01.10"]
[Round "2.2"]
[White "Berta, Sandor"]
[Black "Timko, Gyula"]
[Result "1-0"]
[WhiteElo "2061"]
[BlackElo "1622"]
[PlyCount "53"]
[EventDate "2015.??.??"]

1. e4 a6 2. d4 b5 3. Be3 Bb7 4. Nd2 Nf6 5. Bd3 e6 6. a4 b4 7. h3 d6 8. c4 c5 9.
d5 exd5 10. cxd5 a5 11. Bb5+ Nbd7 12. Qe2 Qc8 13. Nc4 Ba6 14. Nb6 Bxb5 15. Qxb5
Qb8 16. Nxa8 Qxa8 17. Nf3 Nxe4 18. O-O Be7 19. Rfe1 Nef6 20. Bf4 Kf8 21. Rad1
Qd8 22. Qc6 Nb6 23. Rxe7 Kxe7 24. Re1+ Kf8 25. Bxd6+ Kg8 26. Bc7 Qxd5 27. Qe8+
1-0

[Event "106149 XI. Rakosmente Open"]
[Site "Budapest, Hungary"]
[Date "2015.01.10"]
[Round "2.3"]
[White "Horvath, Aron Balazs"]
[Black "Csomor, Gabor"]
[Result "1-0"]
[WhiteElo "1520"]
[BlackElo "1762"]
[PlyCount "51"]
[EventDate "2015.??.??"]

1. e4 c6 2. d4 d5 3. Nc3 g6 4. h4 h5 5. Nf3 Bg4 6. Be2 Bxf3 7. Bxf3 e6 8. Qe2
Be7 9. Bd2 dxe4 10. Nxe4 Bxh4 11. O-O-O Be7 12. g4 h4 13. g5 Nd7 14. Rh3 f5 15.
Nc5 Nxc5 16. dxc5 Kf7 17. Bc3 Bxg5+ 18. Kb1 Qe7 19. Bxh8 Qxc5 20. Bd4 Qe7 21.
Qc4 Nf6 22. Bc5 Qc7 23. Bg2 Ng4 24. f4 Bf6 25. Rhd3 Qc8 26. Rd7+ 1-0

[Event "106149 XI. Rakosmente Open"]
[Site "Budapest, Hungary"]
[Date "2015.01.10"]
[Round "2.4"]
[White "Szoukup, Istvan"]
[Black "Csajbok, Levente Tamas"]
[Result "1-0"]
[WhiteElo "1704"]
[BlackElo "1509"]
[PlyCount "99"]
[EventDate "2015.??.??"]

1. e4 e5 2. Nf3 Nc6 3. Bb5 a6 4. Ba4 Nf6 5. O-O b5 6. Bb3 Bc5 7. Nxe5 Nxe5 8.
d4 Bxd4 9. Qxd4 d6 10. Bg5 c5 11. Bxf6 Qxf6 12. Qd5 Rb8 13. f4 c4 14. fxe5 Qe6
15. Qxd6 Qxd6 16. exd6 f6 17. Nc3 cxb3 18. axb3 Kd7 19. Rfd1 Rb6 20. Nd5 Rxd6
21. Nb6+ Ke6 22. Rxd6+ Kxd6 23. Nxc8+ Rxc8 24. Rxa6+ Ke5 25. c3 Rd8 26. h3 Kxe4
27. Rb6 Kf4 28. Kh2 Rd5 29. c4 bxc4 30. bxc4 Rc5 31. b3 h5 32. Rd6 Ke5 33. Rd1
h4 34. Rc1 Kd4 35. Rf1 Kc3 36. Rf3+ Kb4 37. Kg1 f5 38. Kf2 g5 39. Ke2 f4 40.
Kd2 Re5 41. Kd3 Re1 42. Kd2 Rg1 43. Rf2 Rb1 44. Rf3 Rg1 45. Rf2 Rb1 46. Kd3
Kxb3 47. c5 Rc1 48. Kd4 Rd1+ 49. Ke5 Rd8 50. c6 1-0

[Event "106149 XI. Rakosmente Open"]
[Site "Budapest, Hungary"]
[Date "2015.01.10"]
[Round "2.5"]
[White "Palczert, Botond"]
[Black "Csiki, Endre"]
[Result "1/2-1/2"]
[WhiteElo "1473"]
[BlackElo "1658"]
[PlyCount "42"]
[EventDate "2015.??.??"]

1. e4 c5 2. Nf3 Nc6 3. d4 cxd4 4. Nxd4 Nf6 5. Nc3 e5 6. Ndb5 d6 7. Be3 a6 8.
Na3 Rb8 9. f3 Be6 10. Bg5 Be7 11. Bxf6 Bxf6 12. Nc4 Nd4 13. Nd2 Rc8 14. Nb3
Nxb3 15. axb3 O-O 16. Be2 Bg5 17. Qd3 Kh8 18. O-O Qe7 19. Kh1 Rfd8 20. Rfd1 Qc7
21. Rf1 Bf6 1/2-1/2

[Event "106149 XI. Rakosmente Open"]
[Site "Budapest, Hungary"]
[Date "2015.01.10"]
[Round "2.6"]
[White "Posztos, Marcell"]
[Black "Halasz, Daniel"]
[Result "1-0"]
[WhiteElo "1499"]
[BlackElo "1466"]
[PlyCount "117"]
[EventDate "2015.??.??"]

1. e4 e5 2. Nf3 Nf6 3. Nc3 Nc6 4. a3 a5 5. Bc4 Bc5 6. O-O d6 7. h3 Be6 8. Bxe6
fxe6 9. d3 O-O 10. Ne2 Qe8 11. c3 Qg6 12. Kh1 a4 13. b4 Ba7 14. b5 Ne7 15. Qxa4
Bxf2 16. Qb3 Bb6 17. Qxe6+ Rf7 18. Ng5 Raf8 19. Nxf7 Rxf7 20. Qb3 d5 21. Qd1
dxe4 22. dxe4 Qxe4 23. Bg5 Qg6 24. Bxf6 gxf6 25. Rf3 Nf5 26. Qf1 Ne3 27. Qf2
Nf5 28. Qe1 Rg7 29. g4 Ne3 30. Qd2 Qe4 31. Qd8+ Kf7 32. Qxf6+ Ke8 33. Qf8+ Kd7
34. Qxg7+ Ke6 35. Qf7+ Kd6 36. c4 h5 37. c5+ Bxc5 38. Rc1 hxg4 39. hxg4 Nxg4
40. Qf8+ Ke6 41. Rxc5 Qh7+ 42. Kg1 Qh2+ 43. Kf1 Qh1+ 44. Ng1 Nh2+ 45. Ke2 Qg2+
46. Rf2 Qg4+ 47. Nf3 Qe4+ 48. Kd2 Nxf3+ 49. Rxf3 Qd4+ 50. Ke2 Qb2+ 51. Kf1 Qb1+
52. Kg2 Qg6+ 53. Rg3 Qe4+ 54. Qf3 Qb1 55. Qg4+ Kd6 56. Rcc3 Qb2+ 57. Kh3 Qa2
58. Qg6+ Kd5 59. Qf7+ 1-0

[Event "106149 XI. Rakosmente Open"]
[Site "?"]
[Date "2015.01.10"]
[Round "2.8"]
[White "Palczert, Miklos dr"]
[Black "Bertalan, Sandor"]
[Result "1-0"]
[WhiteElo "1766"]
[BlackElo "1308"]
[PlyCount "37"]
[EventDate "2015.??.??"]
[SourceDate "2015.01.11"]

1. e4 c5 2. Nf3 Nc6 3. d4 e6 4. Nc3 Nge7 5. d5 exd5 6. exd5 Nb8 7. d6 Nec6 8.
Qe2+ Be7 9. Nd5 O-O 10. dxe7 Nxe7 11. Nxe7+ Kh8 12. Nd5 d6 13. Be3 Nc6 14. Qc4
Be6 15. Ng5 Re8 16. O-O-O Qa5 17. Bd3 Bxd5 18. Qxd5 Nb4 19. Nxf7+ 1-0

[Event "106149 XI. Rakosmente Open"]
[Site "Budapest, Hungary"]
[Date "2015.01.10"]
[Round "3.1"]
[White "Gubics, Peter"]
[Black "Szoukup, Istvan"]
[Result "1-0"]
[WhiteElo "2120"]
[BlackElo "1704"]
[PlyCount "61"]
[EventDate "2015.??.??"]

1. Nf3 Nf6 2. c4 c5 3. g3 g6 4. Bg2 Bg7 5. O-O O-O 6. Nc3 Nc6 7. d3 d6 8. Rb1
Rb8 9. a3 a6 10. b4 Nd7 11. Bd2 Nd4 12. Qc1 Nxf3+ 13. Bxf3 Ne5 14. Bg2 h5 15.
Bg5 f6 16. Bh6 Nf7 17. Bxg7 Kxg7 18. bxc5 dxc5 19. Qe3 Qd4 20. Qxd4 cxd4 21.
Nd5 e5 22. Rb6 Nd8 23. Rfb1 Nc6 24. Nc7 Bd7 25. Rxb7 Rxb7 26. Rxb7 Na5 27. Ne6+
Kf7 28. Nxf8 Nxb7 29. Nxd7 Nd8 30. Nc5 a5 31. Nb7 1-0

[Event "106149 XI. Rakosmente Open"]
[Site "Budapest, Hungary"]
[Date "2015.01.10"]
[Round "3.2"]
[White "Berta, Sandor"]
[Black "Horvath, Aron Balazs"]
[Result "1-0"]
[WhiteElo "2061"]
[BlackElo "1520"]
[PlyCount "36"]
[EventDate "2015.??.??"]

1. g3 d5 2. Bg2 Nf6 3. d3 g6 4. Nd2 Bg7 5. e4 e5 6. Ngf3 Nc6 7. O-O O-O 8. Re1
Re8 9. c3 a5 10. b3 dxe4 11. dxe4 b5 12. Bf1 Ba6 13. a3 Na7 14. a4 c5 15. Qc2
Qc7 16. axb5 Bxb5 17. Nc4 Bxc4 18. Bxc4 Nb5 1-0

[Event "106149 XI. Rakosmente Open"]
[Site "Budapest, Hungary"]
[Date "2015.01.10"]
[Round "3.3"]
[White "Csiki, Endre"]
[Black "Palczert, Miklos Dr"]
[Result "1/2-1/2"]
[WhiteElo "1658"]
[BlackElo "1766"]
[PlyCount "142"]
[EventDate "2015.??.??"]

1. e4 e5 2. Bc4 Nf6 3. d4 exd4 4. Nf3 Nc6 5. e5 d5 6. Bb5 Ne4 7. Nxd4 Bd7 8.
Bxc6 bxc6 9. Be3 Be7 10. O-O c5 11. Nb3 d4 12. Bf4 g5 13. Bc1 g4 14. f3 Ng5 15.
fxg4 Bc6 16. c4 Qd7 17. Na5 Be4 18. Re1 Bg6 19. Bxg5 Bxg5 20. Qf3 Rb8 21. Nb3
Be7 22. N1d2 h5 23. gxh5 Bxh5 24. Qd5 Qxd5 25. cxd5 Bg5 26. Rab1 a5 27. Ne4
Be3+ 28. Kh1 Bg6 29. Nf6+ Kd8 30. Ra1 Rb5 31. e6 c4 32. Nxd4 Bxd4 33. e7+ Kc8
34. e8=Q+ Rxe8 35. Rxe8+ Kb7 36. Ne4 Bxe4 37. Rxe4 Bxb2 38. Rf1 f6 39. Rxc4
Rxd5 40. g3 Be5 41. Rc2 Kc8 42. Rcf2 Kd7 43. Rf5 Rd2 44. a3 Rd3 45. R5f3 Rd2
46. h4 c5 47. h5 Ke6 48. Re3 c4 49. h6 Rd8 50. Rf2 Rh8 51. Rh2 Kf7 52. Kg2 c3
53. Kf3 Kg6 54. Ke2 Rc8 55. Kd3 Rd8+ 56. Kc2 Rb8 57. Kd3 Kh7 58. Rc2 Rb3 59.
Rxe5 fxe5 60. Rxc3 Rxc3+ 61. Kxc3 Kxh6 62. Kd3 Kg5 63. Ke4 Kg4 64. Kxe5 Kxg3
65. a4 Kg4 66. Kd5 Kf5 67. Kc5 Ke5 68. Kc6 Ke6 69. Kb6 Kd6 70. Kb5 Kc7 71. Kxa5
Kb7 1/2-1/2

[Event "106149 XI. Rakosmente Open"]
[Site "Budapest, Hungary"]
[Date "2015.01.10"]
[Round "3.4"]
[White "Csomor, Gabor"]
[Black "Palczert, Botond"]
[Result "1/2-1/2"]
[WhiteElo "1762"]
[BlackElo "1473"]
[PlyCount "116"]
[EventDate "2015.??.??"]

1. c4 e5 2. g3 Nc6 3. Bg2 d6 4. Nc3 Bf5 5. Qb3 Nd4 6. Qa4+ Bd7 7. Qd1 Nc6 8.
Nf3 f5 9. d3 Nf6 10. Bg5 h6 11. Bxf6 Qxf6 12. Nd5 Qd8 13. O-O Be7 14. b4 g5 15.
e3 h5 16. b5 Nb8 17. Nxe7 Qxe7 18. h4 gxh4 19. Nxh4 c6 20. Ng6 Qg7 21. Nxh8
Qxh8 22. Bf3 h4 23. Bh5+ Ke7 24. gxh4 f4 25. Qf3 cxb5 26. cxb5 Bxb5 27. Qxb7+
Nd7 28. Qf3 Bc6 29. e4 Rg8+ 30. Kh2 Nf6 31. Rac1 Bd7 32. Rc7 Kd8 33. Rxa7 Ng4+
34. Bxg4 Qxh4+ 35. Bh3 Bc8 36. Ra8 Ke7 37. Rxc8 Rxc8 38. Qg4 Qxg4 39. Bxg4 Rc3
40. Rd1 Rc2 41. Ra1 Rxf2+ 42. Kg1 Rd2 43. a4 Rxd3 44. Kf1 Rg3 45. Bf5 Rg8 46.
Rb1 Ra8 47. Rb7+ Ke8 48. Bd7+ Kd8 49. Bc6 Kc8 50. Rd7 Ra6 51. Bb5 Rb6 52. Ke2
Rxb5 53. Rxd6 Rb4 54. a5 Rxe4+ 55. Kf3 Ra4 56. Rd5 Kb7 57. Rxe5 Ka6 58. Re4
Rxe4 1/2-1/2

[Event "106149 XI. Rakosmente Open"]
[Site "Budapest, Hungary"]
[Date "2015.01.10"]
[Round "3.5"]
[White "Szoukup, Helga"]
[Black "Posztos, Marcell"]
[Result "1-0"]
[WhiteElo "1898"]
[BlackElo "1499"]
[PlyCount "53"]
[EventDate "2015.??.??"]

1. g3 d5 2. d4 e6 3. Nf3 Nf6 4. Bg2 g6 5. O-O Bg7 6. Nbd2 O-O 7. Ne5 Nbd7 8.
Nxd7 Qxd7 9. c3 b6 10. e4 dxe4 11. Nxe4 Nxe4 12. Bxe4 Rb8 13. Qf3 Qe7 14. Qg2
c5 15. Bf4 e5 16. dxe5 Bxe5 17. Rfe1 Bxf4 18. gxf4 Qc7 19. f5 Bb7 20. f6 Bxe4
21. Rxe4 Rfe8 22. Rae1 Rxe4 23. Qxe4 h5 24. Qa4 Ra8 25. Re8+ Rxe8 26. Qxe8+ Kh7
27. Qf8 1-0

[Event "106149 XI. Rakosmente Open"]
[Site "Budapest, Hungary"]
[Date "2015.01.10"]
[Round "3.6"]
[White "Halasz, Daniel"]
[Black "Csermely, Zoltan"]
[Result "1-0"]
[WhiteElo "1466"]
[BlackElo "1652"]
[PlyCount "153"]
[EventDate "2015.??.??"]

1. e4 d5 2. exd5 Qxd5 3. Nc3 Qa5 4. d4 Nf6 5. Bc4 Ne4 6. Qf3 Nd6 7. Bb3 Qf5 8.
Nd5 Na6 9. Bf4 e6 10. Ne3 Qa5+ 11. c3 Be7 12. Qg4 Bf6 13. Qg3 Bxd4 14. Nc4 Nxc4
15. Bxc4 b5 16. Bb3 Bf6 17. Ne2 c5 18. Qf3 Nc7 19. Bxc7 Qxc7 20. Qxa8 O-O 21.
Qf3 Bb7 22. Qe3 Bxg2 23. Rg1 Qxh2 24. Qg3 Qxg3 25. Nxg3 Bf3 26. Bd1 Bd5 27. Bc2
Be7 28. Be4 Bxe4 29. Nxe4 f5 30. Ng5 Rf6 31. Kd2 h6 32. Nf3 Bd6 33. Rg2 Bf4+
34. Ke2 g5 35. Rag1 Kf7 36. Nh2 e5 37. Rd1 Ke6 38. f3 e4 39. fxe4 fxe4 40. Ng4
Rg6 41. Rh1 a5 42. Rxh6 Rxh6 43. Nxh6 Kf6 44. Ng4+ Kf5 45. Nf2 Bc1 46. b3 Bb2
47. c4 bxc4 48. bxc4 Bd4 49. Nd1 Kf4 50. a4 g4 51. Nf2 e3 52. Nxg4 Ke4 53. Rg3
Kf4 54. Rg1 Ke4 55. Rb1 Kf4 56. Nh2 Bc3 57. Nf1 Ke4 58. Rb3 Kd4 59. Nxe3 Bb4
60. Rb1 Kc3 61. Nd5+ Kc2 62. Nxb4+ axb4 63. Ra1 Kb2 64. Rh1 Kb3 65. a5 Kxc4 66.
a6 b3 67. a7 b2 68. a8=Q Kb3 69. Qb7+ Kc3 70. Qe4 c4 71. Rh3+ Kb4 72. Qc2 c3
73. Qxc3+ Kb5 74. Qxb2+ Kc4 75. Qd2 Kc5 76. Rc3+ Kb4 77. Qb2+ 1-0

[Event "106149 XI. Rakosmente Open"]
[Site "Budapest, Hungary"]
[Date "2015.01.10"]
[Round "3.7"]
[White "Timko, Gyula"]
[Black "Horvath, Zoltan"]
[Result "1-0"]
[WhiteElo "1622"]
[BlackElo "1406"]
[PlyCount "113"]
[EventDate "2015.??.??"]

1. d4 Nf6 2. Nf3 g6 3. Bg5 Bg7 4. Nbd2 d5 5. e3 Nc6 6. c3 O-O 7. Bd3 h6 8. Bf4
e6 9. Qc2 Ne7 10. Ne5 Kh7 11. h3 Nf5 12. g4 Ne7 13. Bg3 Nd7 14. f4 Nxe5 15.
fxe5 f5 16. exf6 Bxf6 17. Nf3 Kg7 18. O-O-O c6 19. Rdf1 Bd7 20. Rf2 Be8 21.
Rhf1 g5 22. Ne5 Ng8 23. h4 Be7 24. Rxf8 Bxf8 25. Ng6 Bxg6 26. Be5+ Nf6 27. Bxg6
Be7 28. hxg5 hxg5 29. Rh1 Qg8 30. Bd3 Kf7 31. Qf2 Rf8 32. Rh6 Ke8 33. Bxf6 Bxf6
34. Rxf6 Ke7 35. Rxf8 Qxf8 36. Qxf8+ Kxf8 37. a4 a5 38. Kc2 Ke7 39. c4 dxc4 40.
Bxc4 Kd6 41. Kd3 e5 42. Ke4 exd4 43. exd4 b6 44. Kf5 Ke7 45. Kxg5 Kd6 46. Kf6
Kd7 47. g5 Ke8 48. Bf7+ Kd7 49. g6 c5 50. g7 cxd4 51. g8=Q d3 52. Bh5 d2 53.
Qd5+ Kc7 54. Ke7 b5 55. Bf3 d1=Q 56. Qc6+ Kb8 57. Qb7# 1-0

[Event "106149 XI. Rakosmente Open"]
[Site "Budapest, Hungary"]
[Date "2015.01.10"]
[Round "3.8"]
[White "Csajbok, Levente Tamas"]
[Black "Geher, Koppany"]
[Result "0-1"]
[WhiteElo "1509"]
[BlackElo "1395"]
[PlyCount "108"]
[EventDate "2015.??.??"]

1. e4 e6 2. d4 d5 3. exd5 exd5 4. Bd3 Bd6 5. h3 h6 6. Qf3 b6 7. Ne2 Nf6 8. Nbc3
O-O 9. Bf4 a6 10. g4 Bxf4 11. Qxf4 c5 12. O-O-O c4 13. Bf5 Nc6 14. h4 Bxf5 15.
Qxf5 Ne7 16. Qf3 Qd7 17. g5 hxg5 18. hxg5 Qg4 19. Qh3 Qxh3 20. Rxh3 Ng4 21.
Rdh1 f6 22. Rh8+ Kf7 23. Rxf8+ Rxf8 24. f3 Ne3 25. gxf6 gxf6 26. Rh7+ Ke6 27.
Nf4+ Kd6 28. Rxe7 Kxe7 29. Ng6+ Kf7 30. Nxf8 Kxf8 31. Kd2 Nf5 32. Nxd5 Nxd4 33.
Nxb6 Nxf3+ 34. Kc3 Ne5 35. Nxc4 Nc6 36. a3 Kf7 37. Kd3 Kg6 38. Ke4 Kg5 39. c3
Ne7 40. Kf3 f5 41. Ne5 f4 42. c4 Kf5 43. c5 Kxe5 44. b4 Nc6 45. Kf2 Ke4 46. Ke2
f3+ 47. Kf2 Kf4 48. Kf1 Kg3 49. Kg1 f2+ 50. Kf1 Nd8 51. a4 Nb7 52. c6 Nd6 53.
c7 Nc8 54. b5 axb5 0-1

[Event "106149 XI. Rakosmente Open"]
[Site "Budapest, Hungary"]
[Date "2015.01.10"]
[Round "3.9"]
[White "Szabo, Mihaly"]
[Black "Novak, Levente Peter"]
[Result "1/2-1/2"]
[WhiteElo "1486"]
[BlackElo "1396"]
[PlyCount "57"]
[EventDate "2015.??.??"]

1. Nf3 Nf6 2. d4 d5 3. g3 Bf5 4. Bg2 Nc6 5. c3 e6 6. Bg5 Be7 7. Nbd2 h6 8. Bxf6
Bxf6 9. O-O O-O 10. Re1 Bg6 11. e4 Nb8 12. exd5 exd5 13. Ne5 Bxe5 14. Rxe5 c6
15. Bh3 Nd7 16. Bxd7 Qxd7 17. Qf3 Rfe8 18. Rae1 Rxe5 19. Rxe5 Re8 20. Qe2 Rxe5
21. Qxe5 Qe6 22. Qxe6 fxe6 23. Kf1 Kf7 24. Ke2 Kf6 25. f4 Kf5 26. Kf2 Be8 27.
b4 b6 28. h4 Bh5 29. a3 1/2-1/2

[Event "106149 XI. Rakosmente Open"]
[Site "Budapest, Hungary"]
[Date "2015.01.10"]
[Round "4.1"]
[White "Gubics, Peter"]
[Black "Berta, Sandor"]
[Result "1/2-1/2"]
[WhiteElo "2120"]
[BlackElo "2061"]
[PlyCount "77"]
[EventDate "2015.??.??"]

1. Nf3 d5 2. c4 d4 3. b4 Nf6 4. Bb2 c5 5. g3 Qb6 6. Qb3 Nc6 7. b5 Nb4 8. Bg2 g6
9. O-O Bg7 10. d3 O-O 11. Nbd2 Bg4 12. a3 Bxf3 13. Bxf3 Bh6 14. axb4 Bxd2 15.
bxc5 Qxc5 16. Bxb7 Rab8 17. Bf3 g5 18. Ra6 Qe5 19. Qd1 Bb4 20. e3 Qf5 21. g4
Qg6 22. Bxd4 Rfd8 23. Be4 Qh6 24. Bxf6 exf6 25. Rxa7 Bd6 26. Re1 Qxh2+ 27. Kf1
Bb4 28. Re2 Qh3+ 29. Bg2 Qxg4 30. Qb1 Bc5 31. Rc7 Bb6 32. Rc6 Qf5 33. e4 Qe5
34. Qc2 Bd4 35. Rd2 Re8 36. Rd1 h5 37. Qe2 g4 38. Ra6 Qh2 39. Rb1 1/2-1/2

[Event "106149 XI. Rakosmente Open"]
[Site "Budapest, Hungary"]
[Date "2015.01.10"]
[Round "4.2"]
[White "Palczert, Botond"]
[Black "Timko, Gyula"]
[Result "0-1"]
[WhiteElo "1473"]
[BlackElo "1622"]
[PlyCount "52"]
[EventDate "2015.??.??"]

1. b4 b5 2. Bb2 Bb7 3. Nf3 d5 4. e3 a6 5. d4 Nf6 6. Nbd2 e6 7. a3 Nbd7 8. Bd3
Nb6 9. O-O Be7 10. Nb3 Na4 11. Rb1 Ne4 12. Bxe4 dxe4 13. Nfd2 Nxb2 14. Rxb2 Rb8
15. Qg4 O-O 16. Nxe4 f5 17. Qe2 Bxe4 18. Rbb1 Rf6 19. f3 Ba8 20. Rbd1 Rh6 21.
h3 Bd6 22. Nc5 Rb6 23. c4 bxc4 24. Qxc4 Bd5 25. Qe2 Qg5 26. Kh1 Qg3 0-1